| 000 -LEADER |
| fixed length control field |
02692cam a22005057a 4500 |
| 001 - CONTROL NUMBER |
| control field |
17780102 |
| 003 - CONTROL NUMBER IDENTIFIER |
| control field |
Nust- CAS-E |
| 005 - DATE AND TIME OF LATEST TRANSACTION |
| control field |
20180118181358.0 |
| 008 - FIXED-LENGTH DATA ELEMENTS--GENERAL INFORMATION |
| fixed length control field |
130617s2010 gw a b 001 0 eng |
| 010 ## - LIBRARY OF CONGRESS CONTROL NUMBER |
| LC control number |
2012554540 |
| 015 ## - NATIONAL BIBLIOGRAPHY NUMBER |
| National bibliography number |
GBA9B6740 |
| Source |
bnb |
| 015 ## - NATIONAL BIBLIOGRAPHY NUMBER |
| National bibliography number |
09,N41,0612 |
| Source |
dnb |
| 016 7# - NATIONAL BIBLIOGRAPHIC AGENCY CONTROL NUMBER |
| Record control number |
015433972 |
| Source |
Uk |
| 020 ## - INTERNATIONAL STANDARD BOOK NUMBER |
| International Standard Book Number |
9783527322732 |
| 020 ## - INTERNATIONAL STANDARD BOOK NUMBER |
| International Standard Book Number |
3527322736 |
| 035 ## - SYSTEM CONTROL NUMBER |
| System control number |
(OCoLC)ocn473476885 |
| 040 ## - CATALOGING SOURCE |
| Original cataloging agency |
UKM |
| Language of cataloging |
eng |
| Transcribing agency |
UKM |
| Modifying agency |
C#P |
| -- |
BWX |
| -- |
YDXCP |
| -- |
DEBBG |
| -- |
OCL |
| -- |
CDX |
| -- |
OCL |
| -- |
AGL |
| -- |
OHX |
| -- |
U5D |
| -- |
SZR |
| -- |
VRC |
| -- |
BDX |
| -- |
DLC |
| 042 ## - AUTHENTICATION CODE |
| Authentication code |
ukblcatcopy |
| -- |
lccopycat |
| 050 00 - LIBRARY OF CONGRESS CALL NUMBER |
| Classification number |
TP245.H9 |
| Item number |
H36 2010 |
| 070 0# - NATIONAL AGRICULTURAL LIBRARY CALL NUMBER |
| Classification number |
TP245.H9 |
| Item number |
H36 2010 |
| 082 04 - DEWEY DECIMAL CLASSIFICATION NUMBER |
| Classification number |
665.81 |
| Edition number |
22 |
| Author Mark |
HAN 2010 |
| 084 ## - OTHER CLASSIFICATION NUMBER |
| Classification number |
540 |
| Number source |
sdnb |
| 084 ## - OTHER CLASSIFICATION NUMBER |
| Classification number |
ERG 770b |
| Number source |
stub |
| 084 ## - OTHER CLASSIFICATION NUMBER |
| Classification number |
VE 9850 |
| Number source |
rvk |
| 084 ## - OTHER CLASSIFICATION NUMBER |
| Classification number |
ZP 4150 |
| Number source |
rvk |
| 245 00 - TITLE STATEMENT |
| Title |
Handbook of hydrogen storage : |
| Remainder of title |
new materials for future energy storage / |
| Statement of responsibility, etc. |
edited by Michael Hirscher ; [foreword by Katsuhiko Hirose]. |
| 260 ## - PUBLICATION, DISTRIBUTION, ETC. |
| Place of publication, distribution, etc. |
Weinheim : |
| Name of publisher, distributor, etc. |
Wiley-VCH, |
| Date of publication, distribution, etc. |
2010. |
| 300 ## - PHYSICAL DESCRIPTION |
| Extent |
xx, 353 p. : |
| Other physical details |
ill. (some col.) ; |
| Dimensions |
25 cm. |
| 504 ## - BIBLIOGRAPHY, ETC. NOTE |
| Bibliography, etc. note |
Includes bibliographical references and index. |
| 505 0# - FORMATTED CONTENTS NOTE |
| Formatted contents note |
Storage of hydrogen in the pure form -- Physisorption in porous materials -- Clathrate hydrates -- Metal hydrides -- Complex hydrides -- Amides, imides and mixtures -- Tailoring reaction enthalpies of hydrides -- Ammonia borane and related compounds as hydrogen source materials -- Aluminum hydride (Alane) -- Nanoparticles and 3D supported nanomaterials. |
| 520 8# - SUMMARY, ETC. |
| Summary, etc. |
This handbook provides an overview of the technologies and focuses on the developments in the solid state storage of hydrogen, while tackling one of the most important questions for alternative and environment-friendly energy carriers. |
| 650 #0 - SUBJECT ADDED ENTRY--TOPICAL TERM |
| Topical term or geographic name entry element |
Hydrogen |
| General subdivision |
Storage. |
| 650 07 - SUBJECT ADDED ENTRY--TOPICAL TERM |
| Topical term or geographic name entry element |
Hydrid-Speicher. |
| Source of heading or term |
swd |
| 650 07 - SUBJECT ADDED ENTRY--TOPICAL TERM |
| Topical term or geographic name entry element |
Nanostrukturiertes Material. |
| Source of heading or term |
swd |
| 650 07 - SUBJECT ADDED ENTRY--TOPICAL TERM |
| Topical term or geographic name entry element |
Wasserstoff-Speicher. |
| Source of heading or term |
swd |
| 650 07 - SUBJECT ADDED ENTRY--TOPICAL TERM |
| Topical term or geographic name entry element |
Wasserstoffspeicherung. |
| Source of heading or term |
swd |
| 700 1# - ADDED ENTRY--PERSONAL NAME |
| Personal name |
Hirscher, Michael. |
| 856 ## - ELECTRONIC LOCATION AND ACCESS |
| Uniform Resource Identifier |
<a href="http://bvbr.bib-bvb.de:8991/F?func=service&doc_library=BVB01&doc_number=018662602&line_number=0001&func_code=DB_RECORDS&service_type=MEDIA">http://bvbr.bib-bvb.de:8991/F?func=service&doc_library=BVB01&doc_number=018662602&line_number=0001&func_code=DB_RECORDS&service_type=MEDIA</a> |
| Public note |
Inhaltsverzeichnis |
| 856 42 - ELECTRONIC LOCATION AND ACCESS |
| Electronic format type |
text/html |
| Uniform Resource Identifier |
<a href="http://deposit.d-nb.de/cgi-bin/dokserv?id=3357025&prov=M&dok_var=1&dok_ext=htm">http://deposit.d-nb.de/cgi-bin/dokserv?id=3357025&prov=M&dok_var=1&dok_ext=htm</a> |
| Materials specified |
Inhaltstext |
| 856 ## - ELECTRONIC LOCATION AND ACCESS |
| Uniform Resource Identifier |
<a href="http://bvbr.bib-bvb.de:8991/F?func=serviceetdoc_library=BVB01etdoc_number=018662602etline_number=0001etfunc_code=DB_RECORDSetservice_type=MEDIA">http://bvbr.bib-bvb.de:8991/F?func=serviceetdoc_library=BVB01etdoc_number=018662602etline_number=0001etfunc_code=DB_RECORDSetservice_type=MEDIA</a> |
| Public note |
Inhaltsverzeichnis |
| 856 42 - ELECTRONIC LOCATION AND ACCESS |
| Uniform Resource Identifier |
<a href="http://deposit.d-nb.de/cgi-bin/dokserv?id=3357025etprov=Metdok_var=1etdok_ext=htm">http://deposit.d-nb.de/cgi-bin/dokserv?id=3357025etprov=Metdok_var=1etdok_ext=htm</a> |
| Materials specified |
Inhaltstext |
| 906 ## - LOCAL DATA ELEMENT F, LDF (RLIN) |
| a |
7 |
| b |
cbc |
| c |
copycat |
| d |
2 |
| e |
ncip |
| f |
20 |
| g |
y-gencatlg |
| 942 ## - ADDED ENTRY ELEMENTS (KOHA) |
| Source of classification or shelving scheme |
|
| Koha item type |
Book |